Online
Catalog

Tratado moderno de pista y campo / (Record no. 4061)

MARC details
000 -CABECERA
campo de control de longitud fija 00834cam a2200241 a 4500
001 - NÚMERO DE CONTROL
campo de control 000004247
005 - FECHA Y HORA DE LA ÚLTIMA TRANSACCIÓN
campo de control 20200929151422.0
008 - DATOS DE LONGITUD FIJA--INFORMACIÓN GENERAL
campo de control de longitud fija 720420s1972 mx a 001 0 spa
040 ## - FUENTE DE LA CATALOGACIÓN
Centro catalogador/agencia de origen DO-SdBNP
Lengua de catalogación spa
Centro/agencia transcriptor BNPHU
041 17 - CÓDIGO DE LENGUA
Código de lengua del texto/banda sonora o título independiente spa
Código de lengua original eng
Fuente del código Código de idioma MARC
082 ## - NÚMERO DE LA CLASIFICACIÓN DECIMAL DEWEY
Número de clasificación 796.42
Número de documento/Ítem D655t
100 1# - ENTRADA PRINCIPAL--NOMBRE DE PERSONA
Nombre de persona Doherty, J. Kenneth,
Fechas asociadas al nombre 1905-
9 (RLIN) 12550
240 10 - TÍTULO UNIFORME
Título uniforme Modern track and field.
Lenguaje de la obra Español
245 10 - MENCIÓN DE TÍTULO
Título Tratado moderno de pista y campo /
Mención de responsabilidad, etc. J. Kenneth Doherty ; traductor, Margarita Álvarez Franco.
260 ## - PUBLICACIÓN, DISTRIBUCIÓN, ETC.
Lugar de publicación, distribución, etc. México :
Nombre del editor, distribuidor, etc. Editores Asociados,
Fecha de publicación, distribución, etc. 1972.
300 ## - DESCRIPCIÓN FÍSICA
Extensión 606 p. :
Otras características físicas il. ;
Dimensiones 24 cm.
534 ## - NOTA SOBRE LA VERSIÓN ORIGINAL
Frase introductoria Título original:
Mención de título del original Modern track and field
650 #4 - PUNTO DE ACCESO ADICIONAL DE MATERIA--TÉRMINO DE MATERIA
Término de materia o nombre geográfico como elemento de entrada Deportes de pista
9 (RLIN) 12551
650 #4 - PUNTO DE ACCESO ADICIONAL DE MATERIA--TÉRMINO DE MATERIA
Término de materia o nombre geográfico como elemento de entrada Educación física
9 (RLIN) 12552
700 1# - PUNTO DE ACCESO ADICIONAL--NOMBRE DE PERSONA
Nombre de persona Álvarez Franco, Margarita,
Término indicativo de función/relación tr.
9 (RLIN) 12553
910 ## - DATOS DE OPCIÓN DEL USUARIO (OCLC)
Datos de opción del usuario Catalogación derivada
910 ## - DATOS DE OPCIÓN DEL USUARIO (OCLC)
Datos de opción del usuario WM
Holdings
Estado de retiro Estado de pérdida Restricciones de uso No para préstamo Código de colección Localización permanente Ubicación/localización actual Ubicación en estantería Fecha de adquisición Número de inventario Total de préstamos Signatura topográfica completa Código de barras Fecha visto por última vez Precio válido a partir de Tipo de ítem Koha
    Préstamo interno   Monografías: Libros y Folletos General General Depósito 20.07.2009 LF1   796.42 D655t 4247-10 25.06.2020 25.06.2020 Préstamo interno

Powered by Koha